| 000 | 00591cam a2200193 i 4500 | ||
|---|---|---|---|
| 001 | 000011182 | ||
| 005 | 20200929162400.0 | ||
| 008 | 800813s1973 ve a 000 0 spa | ||
| 010 | _a79124812 | ||
| 040 |
_aDO-SdBNP _bspa _cBNPHU |
||
| 082 |
_axxxx _bA473 |
||
| 100 | 1 |
_aÁlvarez, Pedro J. _926715 |
|
| 245 | 1 | 3 |
_aEl nino en su unidad y diversidad / _cPedro J. Álvarez. |
| 260 |
_aCaracas : _bMonte Avila Editores, _c1973. |
||
| 300 |
_av. : ; _c16 cm. |
||
| 490 | 1 |
_aColeccion cientifica ; _v55 |
|
| 500 | _aLa biblioteca posee el volumen 2 | ||
| 830 | 0 |
_aColeccion cientifica ; _v55 _926716 |
|
| 999 |
_c10905 _d10905 |
||